Premier League - All time penalty goal scorers - Statistics

General Stats
  • This quiz has been taken 43 times
  • The average score is 9 of 20
Answer Stats
Goals Answer % Correct
55 Alan Shearer
87%
32 Frank Lampard
87%
29 Steven Gerrard
87%
23 Thierry Henry
82%
23 Wayne Rooney
82%
24 Sergio Aguero
76%
18 Harry Kane
63%
15 Robin Van Persie
61%
21 Teddy Sheringham
45%
14 James Milner
37%
24 Matthew Le tissier
37%
17 Eden Hazard
34%
14 Darren Bent
24%
14 Jermaine Defoe
24%
20 Leighton Baines
24%
23 Mark Noble
21%
14 Gareth Barry
18%
19 Luka Milivojevic
16%
22 David Unsworth
13%
17 Mikel Arteta
5%
No matching quizzes found
Score Distribution
Percent of People with Each Score
Percentile by Number Answered
Your Score History
You have not taken this quiz